[Event "17th TCh-RUS Premier"]
[Site "Dagomys RUS"]
[Date "2010.04.05"]
[Round "5"]
[White "Khairullin,I"]
[Black "Nepomniachtchi,I"]
[Result "1/2-1/2"]
[WhiteElo "2617"]
[BlackElo "2656"]

1.e4 c5 2.Nf3 d6 3.Bb5+ Bd7 4.Bxd7+ Qxd7 5.c4 Nf6 6.Nc3 g6 7.d4 cxd4 8.Nxd4 Bg7
9.h3 Qc7 10.b3 Qa5 11.Bd2 Nxe4 12.Nxe4 Qe5 13.Qb1 f5 14.Bc3 Qxe4+ 15.Qxe4 fxe4
16.Nb5 Bxc3+ 17.Nxc3 Rf8 18.Nxe4 Rf5 19.O-O-O Nc6 20.Rhe1 O-O-O 21.f3 b5  1/2-1/2

[Event "12th Open"]
[Site "Dubai UAE"]
[Date "2010.04.07"]
[Round "3"]
[White "Baklan,V"]
[Black "Savchenko,S"]
[Result "1/2-1/2"]
[WhiteElo "2644"]
[BlackElo "2526"]

1.e4 c5 2.Nf3 d6 3.Bb5+ Bd7 4.Bxd7+ Qxd7 5.O-O Nf6 6.Qe2 Nc6 7.c3 e6 8.d4 cxd4
9.cxd4 d5 10.e5 Ne4 11.Nbd2 Nxd2 12.Bxd2 Be7 13.Rac1 O-O 14.Rc3 Rac8 15.Rfc1 a6
16.h4 Na7 17.Bg5 Rxc3 18.Rxc3 Rc8 19.Rxc8+ Nxc8 20.Qc2 h6 21.Bxe7 Nxe7 22.Qc5 Kf8
23.Kf1 Qc6 24.Qxc6 Nxc6 25.Ke2 f6 26.exf6 gxf6 27.Ke3 Na5 28.b3 Nc6 29.g4 Kf7
30.g5 hxg5 31.hxg5  1/2-1/2

[Event "Sydney Int Open"]
[Site "Parramatta AUS"]
[Date "2010.04.07"]
[Round "2"]
[White "Bojkov,D"]
[Black "Stojic,D"]
[Result "1-0"]
[WhiteElo "2505"]
[BlackElo "2192"]

1.e4 c5 2.Nf3 d6 3.Bb5+ Bd7 4.Bxd7+ Qxd7 5.c4 Nf6 6.Nc3 g6 7.d4 cxd4 8.Nxd4 Bg7
9.f3 O-O 10.Nde2 Rc8 11.Qd3 Nc6 12.b3 a6 13.Bb2 b5 14.cxb5 Nb4 15.Qd2 axb5
16.O-O Rab8 17.Kh1 Na6 18.Rac1 Nc5 19.Nd5 Nxd5 20.Bxg7 Kxg7 21.exd5 e5 22.dxe6 fxe6
23.Rfd1 Nb7 24.Nc3 d5 25.Ne4 Qe7 26.Qd4+ Kf7 27.Nf2 Nd6 28.Ng4 Nf5 29.Qf4 Qd6
30.Ne5+ Kf6 31.Re1 Rxc1 32.Qxc1 Kg7 33.Qf4 Rf8 34.Rc1 d4 35.Qe4 Kg8 36.Nd3 Rd8
37.Rc6 Qd5 38.Rxe6 Qxe4 39.Rxe4 Ra8 40.Re2 Ne3 41.Kg1 Kf7 42.Rd2 Ke6 43.Nb4 Rd8
44.Kf2 Rd6 45.g3 Ke5 46.Nd3+ Kd5 47.Nf4+ Kc5 48.Ne2 Nf5 49.a3 Ne7 50.Nf4 Nd5
51.Nd3+ Kb6 52.Ne5 Nc3 53.Rd3 Rd5 54.f4 Ne4+ 55.Ke2 Nc5 56.Rf3 d3+ 57.Nxd3 Nxb3
58.Re3 Rd7 59.h3 Ka5 60.Re8 Nd4+ 61.Kd2 Rc7 62.Ra8+ Kb6 63.Nb4 Rd7 64.Ke3 Nf5+
65.Kf3 Kc5 66.Rc8+ Kd4 67.g4 Nd6 68.Rc1 Rf7 69.Rd1+  1-0

[Event "Sydney Int Open"]
[Site "Parramatta AUS"]
[Date "2010.04.07"]
[Round "2"]
[White "Milligan,H"]
[Black "Ruan,J"]
[Result "1/2-1/2"]
[WhiteElo "2016"]
[BlackElo "1896"]

1.e4 c5 2.Nf3 d6 3.Bb5+ Bd7 4.Bxd7+ Qxd7 5.c4 Nc6 6.d4 cxd4 7.Nxd4 Nf6 8.Nc3 e6
9.O-O Be7 10.f4 O-O 11.Be3 a6 12.Rc1 Rac8 13.b3 Qc7 14.Kh1 Qb8 15.a4 Rfd8
16.Qf3 Nd7 17.Qh3 Nc5 18.Nxc6 Rxc6 19.Bxc5 Rxc5 20.f5 Qc8 21.Rce1 Bf6 22.Ne2 exf5
23.Nf4 fxe4 24.Qxc8 Rdxc8 25.Nd5 Re8 26.Nxf6+ gxf6 27.Rxf6 Rc6 28.Rf4 e3
29.Rf3 e2 30.Kg1 Rc7 31.Kf2 Rce7 32.Rd3 Re6 33.Rd2 Rf6+ 34.Kg1 Rfe6 35.Kf2 Rf6+
36.Kg1 Rfe6 37.Kf2  1/2-1/2

[Event "Sydney Int Open"]
[Site "Parramatta AUS"]
[Date "2010.04.07"]
[Round "2"]
[White "Shen,D"]
[Black "Cameron,A"]
[Result "1/2-1/2"]
[WhiteElo "2197"]
[BlackElo "2015"]

1.e4 c5 2.Nf3 d6 3.Bb5+ Bd7 4.Bxd7+ Qxd7 5.c4 e5 6.Nc3 Nc6 7.d3 g6 8.O-O Bg7
9.h3 Nge7 10.Nh2 f5 11.f4 O-O-O 12.fxe5 Nxe5 13.Bg5 Rhf8 14.Qe2 h6 15.Bxe7 Qxe7
16.Nd5 Qd7 17.a4 Kb8 18.b4 Nc6 19.Rab1 Nxb4 20.Nxb4 cxb4 21.Rxb4 Bc3 22.Rb5 a6
23.Rb3 Bd4+ 24.Kh1 Qxa4 25.Rfb1 Qc6 26.exf5 gxf5 27.Qe7 Rde8 28.Qxb7+ Qxb7
29.Rxb7+ Kc8 30.Nf3 Bf2 31.R7b2 Be3 32.Ra2 Kc7 33.Rxa6 Ra8 34.Rxa8 Rxa8 35.Re1 f4
36.Re2 Ra1+ 37.Ne1 Rd1 38.Kh2 h5 39.g4 hxg4 40.hxg4 Bd2 41.Nf3 Be3 42.g5 Rxd3
43.g6 Rb3 44.g7 Rb8 45.Rg2 Rg8 46.Kh3 Kd7 47.Kh4 Bb6 48.Kh5 Ba5  1/2-1/2

[Event "Sydney Int Open"]
[Site "Parramatta AUS"]
[Date "2010.04.08"]
[Round "4"]
[White "Bojkov,D"]
[Black "Li Chao2"]
[Result "1/2-1/2"]
[WhiteElo "2505"]
[BlackElo "2613"]

1.e4 c5 2.Nf3 d6 3.Bb5+ Bd7 4.Bxd7+ Qxd7 5.c4 Nf6 6.Nc3 g6 7.d4 cxd4 8.Nxd4 Bg7
9.f3 O-O 10.Be3 Nc6 11.O-O e6 12.Qd2 Rfd8 13.Rfd1 a6 14.Rac1 Nxd4 15.Bxd4 b5
16.cxb5 axb5 17.a3 Qb7 18.Rc2 d5 19.Bxf6  1/2-1/2

[Event "59th ch-BUL w"]
[Site "Dupnitsa BUL"]
[Date "2010.04.09"]
[Round "2"]
[White "Genova,Ly"]
[Black "Nikolova,A"]
[Result "1/2-1/2"]
[WhiteElo "2277"]
[BlackElo "2348"]

1.e4 c5 2.Nf3 d6 3.Bb5+ Nc6 4.Bxc6+ bxc6 5.O-O e5 6.c3 g5 7.d4 g4 8.Nfd2 cxd4
9.cxd4 exd4 10.Nc4 c5 11.Re1 Be6 12.Nba3 h5 13.Bf4 Nh6 14.b4 Be7 15.bxc5 dxc5
16.Rb1 h4 17.Qd2 Ng8 18.Rb7 Kf8 19.Reb1 Kg7 20.Be5+ Bf6 21.Rb8 Rxb8 22.Rxb8 Qe7
23.Qg5+ Kh7 24.Bxf6 Qxf6 25.Rxg8 Qxg5 26.Rxg5 Rc8 27.f4 gxf3 28.gxf3 f6 29.Rh5+ Kg6
30.Rxh4 Rb8 31.f4 Bxc4 32.Nxc4 Rb4 33.Nd2 c4 34.f5+ Kg7 35.Rg4+ Kf7 36.Nxc4 Rxc4
37.Rg2 Rc1+ 38.Kf2 Rc3 39.Ke1 Ke7 40.Rd2 Re3+ 41.Re2 Rh3 42.Rd2 Re3+  1/2-1/2

[Event "Sydney Int Open"]
[Site "Parramatta AUS"]
[Date "2010.04.09"]
[Round "6"]
[White "Shen,D"]
[Black "Rachmadi,H"]
[Result "0-1"]
[WhiteElo "2197"]
[BlackElo "1823"]

1.e4 c5 2.Nf3 d6 3.Bb5+ Nc6 4.d4 a6 5.Bxc6+ bxc6 6.dxc5 Qa5+ 7.Nc3 Qxc5 8.Be3 Qb4
9.Rb1 Nf6 10.a3 Qb7 11.h3 e6 12.Bg5 Be7 13.e5 dxe5 14.Nxe5 O-O 15.Qf3 Nd5
16.Bxe7 Nxe7 17.O-O f6 18.Nd3 Nd5 19.Nc5 Qe7 20.N3a4 Qc7 21.Rfe1 e5 22.Rbd1 Rb8
23.Qd3 Qa7 24.c4 Nf4 25.Qd6 Qf7 26.Qxc6 Qg6 27.Kf1 Bf5 28.Qf3 Rfc8 29.Rd2 h6
30.b4 Rd8 31.Red1 Rxd2 32.Rxd2 Qg5 33.g4 Bg6 34.Ke1 f5 35.Nc3 e4 36.Qg3 Re8
37.h4 Nd3+ 38.Nxd3 exd3+ 39.Kd1 Qf6 40.Qxd3 fxg4 41.Qg3 h5 42.Rd6 Qf5 43.Rd2 Kh7
44.Ne2 Qb1+ 45.Nc1 Be4 46.Rd3 Bf3+ 47.Rxf3 gxf3 48.Qg5 Qg6 49.Qxg6+ Kxg6
50.Kc2 Kf5 51.Kb3 g5  0-1

[Event "12th Open"]
[Site "Dubai UAE"]
[Date "2010.04.11"]
[Round "7"]
[White "Iordachescu,V"]
[Black "Negi,P"]
[Result "1/2-1/2"]
[WhiteElo "2621"]
[BlackElo "2634"]

1.e4 c5 2.Nf3 d6 3.Bb5+ Bd7 4.Bxd7+ Qxd7 5.O-O Nf6 6.Qe2 Nc6 7.c3 e6 8.Rd1 Be7
9.d3 O-O 10.Nbd2 b5 11.Nf1 b4 12.Ng3 Rab8 13.d4 bxc3 14.bxc3 cxd4 15.cxd4 Rfc8
16.Bf4 Na5 17.Rac1 Rxc1 18.Rxc1 Rc8 19.Rxc8+ Qxc8 20.Qb5 Nc4 21.Qa4 a6 22.Qc2 Nb6
23.Qxc8+ Nxc8 24.Kf1 d5 25.e5 Nd7 26.Ke2 Kf8 27.Kd3 Nb8 28.Bg5 Nc6 29.Bxe7+ Kxe7
30.Kc3 Nb6  1/2-1/2

[Event "XXVIII Open A"]
[Site "Metz FRA"]
[Date "2010.04.15"]
[Round "8"]
[White "Leon Hoyos,M"]
[Black "Corrales Jimenez,F"]
[Result "1-0"]
[WhiteElo "2521"]
[BlackElo "2585"]

1.e4 c5 2.Nf3 d6 3.Bb5+ Nd7 4.d4 cxd4 5.Qxd4 Nf6 6.Nc3 a6 7.Bxd7+ Bxd7 8.Bg5 h6
9.Bxf6 gxf6 10.O-O-O e6 11.Rhe1 Be7 12.Qe3 Qc7 13.Nd4 O-O-O 14.f4 Kb8 15.Kb1 Rc8
16.f5 Qb6 17.Qd3 Rc7 18.Nce2 Rhc8 19.Rd2 e5 20.Nb3 a5 21.Nc3 Rxc3 22.bxc3 a4
23.Qe3 Qxe3 24.Rxe3 axb3 25.cxb3 Bc6 26.c4 Rg8 27.Kc2 b5 28.cxb5 Bxb5 29.a4 Bc6
30.h3 h5 31.Kd1 Rd8 32.Ke2 Bf8 33.Rd1 Bb7 34.b4 Rc8 35.b5 Rc4 36.a5 Rb4 37.Rg3 Be7
38.Rg8+ Kc7 39.a6 Bxe4 40.Rc1+ Kd7 41.Rb8 Bd8 42.a7 Rb2+ 43.Ke3 Bxg2 44.Rc6 Ra2
45.Ra6 Rxa6 46.bxa6 Bc7 47.Ke2 Bd5 48.Rb7 Bc4+ 49.Kd1 Bxa6 50.a8=Q  1-0

[Event "TCh-ISR"]
[Site "Israel ISR"]
[Date "2010.04.16"]
[Round "5"]
[White "Rozentalis,E"]
[Black "Alterman,B"]
[Result "1/2-1/2"]
[WhiteElo "2623"]
[BlackElo "2580"]

1.e4 c5 2.Nf3 d6 3.Bb5+ Bd7 4.Bxd7+ Qxd7 5.c4 Nc6 6.d4 cxd4 7.Nxd4 Nf6 8.Nc3 Qg4
9.O-O Qxd1 10.Rxd1 Rc8 11.Nde2 g6 12.f3 Bg7 13.b3 Nd7 14.Be3 O-O 15.Rac1 b6
16.Nd5 Rfd8 17.Nec3 e6 18.Nf4 Nc5 19.Nfe2 a6 20.Rd2 Rd7 21.Rcd1 Bf8 22.Bf4 Rcd8
23.Bg5 Rc8 24.h3 h6 25.Bf4 Rcd8 26.g4 Kg7 27.Kg2 Be7 28.Be3 Rb7 29.Nd4 Rc8
30.Nxc6 Rxc6 31.Bf4 b5 32.Bxd6 bxc4 33.Bxe7 Rxe7 34.bxc4 Nb7 35.Rd7 Rxd7
36.Rxd7  1/2-1/2

[Event "6th TCh-CHN"]
[Site "Ningbo CHN"]
[Date "2010.04.17"]
[Round "2"]
[White "Wang Chen"]
[Black "Lu Yijie"]
[Result "1-0"]
[WhiteElo "2390"]
[BlackElo "2349"]

1.e4 c5 2.Nf3 d6 3.Bb5+ Bd7 4.Bxd7+ Qxd7 5.c4 Nf6 6.Nc3 g6 7.O-O Nc6 8.d4 cxd4
9.Nxd4 Bg7 10.Nde2 O-O 11.f3 Rfd8 12.Bg5 h6 13.Be3 e6 14.Qc1 Kh7 15.Rd1 Ne5
16.b3 a6 17.a4 Rac8 18.Bb6 Rc6 19.Bxd8 Qxd8 20.Qe3 Qa5 21.Rab1 Ne8 22.Nd4 Rc8
23.Nce2 h5 24.h3 Bh6 25.f4 Nd7 26.Nf3 Qc7 27.Qd4 Nc5 28.e5 Rd8 29.exd6 Rxd6
30.Qe3 Bg7 31.Ng3 Bh6 32.Ng5+ Kg8 33.N3e4 Nxe4 34.Qxe4 Bg7 35.Kh2 Bf6 36.Nf3 Kg7
37.Ne5 h4 38.Ng4 Bc3 39.Rxd6 Qxd6 40.Rf1 Qb4 41.Qd3 Nf6 42.Ne5 Be1 43.Qd4 Bc3
44.Qd3 Be1 45.Qd4 Bc3 46.Qd8 Ne4 47.Qc7 Nd6 48.Qe7 Be1 49.c5 Bg3+ 50.Kh1 Qxc5
51.Nxf7  1-0

[Event "Bicentenario"]
[Site "Lanus ARG"]
[Date "2010.04.18"]
[Round "8"]
[White "Villanueva,Mar"]
[Black "Barreto Filho,C"]
[Result "1/2-1/2"]
[WhiteElo "2334"]
[BlackElo "2362"]

1.e4 c5 2.Nf3 d6 3.Bb5+ Bd7 4.Bxd7+ Qxd7 5.c4 Nf6 6.Nc3 g6 7.d4 cxd4 8.Nxd4 Bg7
9.f3 O-O 10.O-O Rc8 11.b3 d5 12.exd5 Nxd5 13.Nxd5 e6 14.Bh6 exd5 15.Bxg7 Kxg7
16.Nb5 a6 17.Qd4+ f6 18.Nc3 dxc4 19.Nd5 Qd6 20.bxc4 Qc5 21.Qxc5 Rxc5 22.Nb6 Ra7
23.Rfd1 Rc7 24.Rd6 a5 25.Rb1 f5 26.Nd5 Rxc4 27.Rdb6 Nc6 28.Rxb7+ Rxb7 29.Rxb7+ Kf8
30.Rxh7 Rc1+ 31.Kf2 Rc2+ 32.Kg3 Rxa2 33.h4 a4 34.Rc7 Nd4 35.Nf4 Ne2+ 36.Nxe2 Rxe2
37.Ra7 Ra2 38.Kf4  1/2-1/2

[Event "1st Stilyan Strugov Mem"]
[Site "Ognjanovo BUL"]
[Date "2010.04.18"]
[Round "5"]
[White "Ivanov,Bog"]
[Black "Angelov,G"]
[Result "1-0"]
[WhiteElo "2173"]
[BlackElo "2218"]

1.e4 c5 2.Nf3 d6 3.Bb5+ Bd7 4.Bxd7+ Qxd7 5.O-O Nc6 6.c3 Nf6 7.d4 g6 8.Qe2 Bg7
9.e5 dxe5 10.dxe5 Ng4 11.e6 Qxe6 12.Qxe6 fxe6 13.Ng5 Nd8 14.f4 h6 15.Nf3 Nc6
16.Re1 Kf7 17.Nbd2 Nf6 18.a4 Nd5 19.Nc4 b6 20.Re2 a6 21.Na3 b5 22.Nc2 c4
23.Bd2 b4 24.Rc1 bxc3 25.bxc3 Nc7 26.Re4 Na5 27.Nfd4 Nb3 28.Be3 Nc5  1-0

[Event "9th Asian Continental"]
[Site "Olongapo City PHI"]
[Date "2010.04.21"]
[Round "1"]
[White "Yu Ruiyuan"]
[Black "Xiu Deshun"]
[Result "1-0"]
[WhiteElo "2309"]
[BlackElo "2493"]

1.e4 c5 2.Nf3 d6 3.Bb5+ Nd7 4.c4 Nf6 5.O-O g6 6.d4 cxd4 7.Nxd4 Bg7 8.f3 O-O
9.Bxd7 Bxd7 10.Be3 a6 11.Na3 Qb8 12.Qb3 e5 13.Ne2 b5 14.Qd3 Rd8 15.Rfd1 bxc4
16.Nxc4 d5 17.exd5 Bf5 18.Qa3 Nxd5 19.Bc5 Qb5 20.b3 Rac8 21.Bf2 Be6 22.Rac1 Bh6
23.Rb1 Bf5 24.Rb2 Bf8 25.Qa5 Bb4 26.Qxb5 axb5 27.g4 Be6 28.Nxe5 Nc3 29.Rxd8+ Rxd8
30.Nd4 Bd5 31.Rc2 Nb1 32.Nxb5 f6 33.Nc6 Bxc6 34.Rxc6 Rd1+ 35.Kg2 Rd2 36.Rc1 Rb2
37.Kg3 Nd2 38.a3 Bf8 39.b4 f5 40.gxf5 gxf5 41.Bd4 Ra2 42.Kf4 Bh6+ 43.Kxf5 Nxf3
44.Rc8+ Kf7 45.Rc7+ Kg8 46.Rc8+ Kf7 47.Nd6+ Ke7 48.Bc5 Rxh2 49.Rc7+ Kf8 50.Ne4+ Ke8
51.Ke6 Kd8 52.Rd7+ Kc8 53.Nd6+ Kb8 54.Rd8+  1-0

[Event "9th Asian Continental"]
[Site "Olongapo City PHI"]
[Date "2010.04.21"]
[Round "1"]
[White "Kuderinov,K"]
[Black "Le Quang Liem"]
[Result "1-0"]
[WhiteElo "2442"]
[BlackElo "2689"]

1.e4 c5 2.Nf3 d6 3.Bb5+ Nc6 4.O-O Bd7 5.Re1 Nf6 6.c3 a6 7.Bf1 Bg4 8.h3 Bh5
9.d4 Bxf3 10.gxf3 e5 11.d5 Nb8 12.f4 Nbd7 13.Na3 g6 14.b4 cxb4 15.cxb4 Nh5
16.Nc4 Nxf4 17.Bxf4 exf4 18.e5 Qg5+ 19.Kh1 dxe5 20.Qd4 Bg7 21.Nd6+ Ke7 22.Nxb7 Rhc8
23.Nc5 Qf5 24.d6+ Kf8 25.Qd5 Nb6 26.Qb7 Rab8 27.Qxa6 e4 28.d7 Rd8 29.Rad1 e3
30.Qd3 Qg5 31.fxe3 f3 32.Qd6+ Qe7 33.Qxe7+ Kxe7 34.Bb5 Bc3 35.Rf1 Nd5 36.Rxd5 Rxb5
37.a3 Bb2 38.Rxf3 f5 39.e4 fxe4 40.Re3 Kf7 41.Rd2 Bxa3 42.Rxa3 Rxb4 43.Re3 Ke7
44.Nxe4  1-0

[Event "9th Asian Continental"]
[Site "Olongapo City PHI"]
[Date "2010.04.22"]
[Round "2"]
[White "Toufighi,H"]
[Black "Sasikiran,K"]
[Result "0-1"]
[WhiteElo "2491"]
[BlackElo "2686"]

1.e4 c5 2.Nf3 d6 3.Bb5+ Nd7 4.Nc3 Nf6 5.d4 cxd4 6.Qxd4 e5 7.Qd3 h6 8.Be3 a6
9.Bc4 b5 10.Bd5 Rb8 11.a3 Nxd5 12.Nxd5 Nf6 13.Nxf6+ Qxf6 14.O-O Be7 15.Nd2 Qe6
16.Nb1 Qc4 17.Nc3 Qxd3 18.cxd3 Be6 19.Rfc1 Kd7 20.d4 Bb3 21.dxe5 dxe5 22.a4 b4
23.Nd5 Bxd5 24.Rd1 Rhc8 25.Rxd5+ Ke6 26.Kf1 b3 27.Ra5 Rc6 28.Rc1 Rxc1+ 29.Bxc1 Rb6
30.Bd2 Rc6 31.Ke2 f6 32.Kd3 Bc5 33.f3 Bd4 34.f4 Bxb2 35.f5+ Kf7 36.Rd5  0-1

[Event "Open"]
[Site "Bar MNE"]
[Date "2010.04.23"]
[Round "8"]
[White "Veleski,R"]
[Black "Mihasi,Lime"]
[Result "1-0"]
[WhiteElo "2278"]
[BlackElo "2031"]

1.e4 c5 2.Nf3 d6 3.Bb5+ Bd7 4.Bxd7+ Qxd7 5.O-O Nf6 6.Re1 Nc6 7.d4 cxd4 8.Bg5 Rc8
9.Nxd4 Qg4 10.Bxf6 Qxd1 11.Rxd1 gxf6 12.Nxc6 Rxc6 13.Na3 Bg7 14.c3 a6 15.Rd5 e6
16.Rh5 Ke7 17.Rd1 h6 18.Rd3 Rhc8 19.Rg3 Bf8 20.f4 Rb6 21.b3 Rbc6 22.c4 e5
23.f5 b5 24.Rd3 bxc4 25.Nxc4 Rxc4 26.bxc4 Rxc4 27.Rb3 Rxe4 28.Rhh3 Rc4 29.Rhc3 Rxc3
30.Rxc3 d5 31.Rc6 d4 32.Rc8 h5 33.Kf2 Bh6 34.Kf3 d3 35.Rc3 d2 36.Rd3 a5 37.a4 h4
38.Ke2 Bf4 39.Rd5 Bg5 40.Rxa5 Kd6 41.Rb5 Kc6 42.Rb1 Kd5 43.a5 Ke4 44.a6 Be3
45.Rb7 Kxf5 46.a7 d1=Q+ 47.Kxd1 Bxa7 48.Rxa7 Kf4 49.Ke2 f5 50.Rxf7 e4 51.Rg7 Ke5
52.Rh7  1-0

[Event "9th Asian Continental"]
[Site "Olongapo City PHI"]
[Date "2010.04.23"]
[Round "3"]
[White "Zeng Chongsheng"]
[Black "Xiu Deshun"]
[Result "1-0"]
[WhiteElo "2350"]
[BlackElo "2493"]

1.e4 c5 2.Nf3 d6 3.Bb5+ Bd7 4.Bxd7+ Qxd7 5.c4 Nf6 6.Nc3 g6 7.d4 cxd4 8.Nxd4 Bg7
9.h3 O-O 10.Be3 Qc7 11.b3 Qa5 12.Qd2 Nc6 13.Rd1 a6 14.O-O Rfd8 15.Nxc6 bxc6
16.Bd4 Kh8 17.Qe3 Nd7 18.Bxg7+ Kxg7 19.Qd4+ Kg8 20.f4 Qb6 21.Qxb6 Nxb6 22.Rd2 Kf8
23.Rfd1 Ke8 24.Kf2 a5 25.Ke3 a4 26.c5 dxc5 27.Rxd8+ Rxd8 28.Rxd8+ Kxd8 29.Nxa4 Nd7
30.Kd3 Kc7 31.e5 g5 32.g3 h5 33.h4 gxf4 34.gxf4 Nf8 35.f5 e6 36.Ke4 Nd7 37.Nb2 Kd8
38.Nc4 Ke7 39.f6+  1-0

[Event "9th Asian Continental"]
[Site "Olongapo City PHI"]
[Date "2010.04.25"]
[Round "5"]
[White "Lumancas,Lyndon"]
[Black "Lu Yijie"]
[Result "1-0"]
[WhiteElo "2289"]
[BlackElo "2349"]

1.e4 c5 2.Nf3 d6 3.Bb5+ Bd7 4.Bxd7+ Qxd7 5.c4 Nf6 6.Nc3 g6 7.O-O Bg7 8.d4 cxd4
9.Nxd4 O-O 10.h3 Rc8 11.b3 d5 12.exd5 Nxd5 13.Nxd5 e6 14.Be3 exd5 15.cxd5 Rc5
16.Nf5 Rb5 17.Nxg7 Rxd5 18.Qf3 Kxg7 19.Rad1 Rxd1 20.Rxd1 Qe7 21.Bd4+ f6 22.Bxf6+ Qxf6
23.Qxb7+ Kh6 24.Qxa8 Nc6 25.Qe8 Ne5 26.Re1  1-0

[Event "9th Asian Continental"]
[Site "Olongapo City PHI"]
[Date "2010.04.25"]
[Round "5"]
[White "Zeng Chongsheng"]
[Black "Gao Rui"]
[Result "1-0"]
[WhiteElo "2350"]
[BlackElo "2464"]

1.e4 c5 2.Nf3 d6 3.Bb5+ Nc6 4.O-O Bd7 5.c3 Nf6 6.Re1 a6 7.Ba4 b5 8.Bc2 e5
9.h3 Be7 10.d4 O-O 11.Be3 Qc7 12.dxc5 dxc5 13.Nbd2 Rfd8 14.Qe2 h6 15.a4 c4
16.Nh4 Be6 17.Nf5 Bf8 18.g4 Bxf5 19.exf5 Nd4 20.Qd1 Nxc2 21.Qxc2 Qc6 22.Qd1 Rd3
23.Qf3 e4 24.Qg2 Rad8 25.axb5 axb5 26.Re2 b4 27.Bd4 R8xd4 28.cxd4 c3 29.Nxe4 Nd5
30.Nc5 Rxd4 31.bxc3 bxc3 32.Nb3 Rd3 33.Qe4 Qb5 34.Nd4 Rxd4 35.Qxd4 Qxe2 36.Qxd5 c2
37.Kg2 Kh7 38.Qc6 Qd2 39.f6 gxf6 40.Qc4 Bg7 41.Ra8 h5 42.Rc8 c1=R 43.Qxc1 Qd5+
44.Kg1 Bh6 45.Qc2+ Kg7 46.Rc5 Qf3 47.Rxh5 Bg5 48.Qf5 Qb3 49.h4 Bh6 50.Kg2 Qb7+
51.Qf3 Qe7 52.Rxh6 Kxh6 53.Qe3+ Qxe3 54.fxe3 Kg6 55.Kg3 f5 56.g5 Kh5 57.Kf4 Kxh4
58.Kxf5 Kh5 59.Kf6 Kh4 60.e4  1-0

[Event "TCh-SUI 2010"]
[Site "Switzerland SUI"]
[Date "2010.04.25"]
[Round "3.6"]
[White "Drabke,L"]
[Black "Stoeri,S"]
[Result "1-0"]
[WhiteElo "2439"]
[BlackElo "2015"]

1.e4 c5 2.Nf3 d6 3.Bb5+ Bd7 4.Bxd7+ Qxd7 5.O-O g6 6.c3 Nf6 7.Re1 Bg7 8.d4 cxd4
9.cxd4 Nc6 10.Nc3 O-O 11.Bg5 e6 12.Qd2 Rfe8 13.Rad1 Rac8 14.Qf4 Nh5 15.Qh4 h6
16.Bc1 f5 17.d5 exd5 18.Nxd5 Qf7 19.exf5 Rxe1+ 20.Nxe1 g5 21.Qh3 Bd4 22.Ne3 Ne5
23.f6 Rc7 24.Nf5 Bxf2+ 25.Kxf2 Qxf6 26.Qxh5 Qxf5+ 27.Kg1 Ng4 28.Qe8+ Kg7
29.Be3 Rf7 30.Bd4+ Kg6 31.Nf3 Qf4 32.h3  1-0

[Event "9th Asian Continental"]
[Site "Olongapo City PHI"]
[Date "2010.04.27"]
[Round "7"]
[White "Wang Chen"]
[Black "Nguyen Anh Dung"]
[Result "1-0"]
[WhiteElo "2390"]
[BlackElo "2464"]

1.e4 c5 2.Nf3 d6 3.Bb5+ Nd7 4.O-O Nf6 5.Re1 e5 6.c3 Be7 7.d4 O-O 8.dxe5 dxe5
9.Na3 Qc7 10.Nc4 Rd8 11.Bxd7 Nxd7 12.Qd5 Bf6 13.Qd6 Qxd6 14.Nxd6 Nb6 15.Nxc8 Raxc8
16.b3 c4 17.Be3 h6 18.g3 Rd6 19.Kg2 Kf8 20.Reb1 Nd7 21.Rd1 Ke7 22.Rxd6 Kxd6
23.Rd1+ Ke6 24.b4 a6 25.a4 Be7 26.Ne1 Nf6 27.f3 Ne8 28.Nc2 f6 29.Bf2 Bd8
30.Ne3 Bb6 31.Nf5 Bxf2 32.Kxf2 h5 33.Ke2 b6 34.h3 Rb8 35.g4 hxg4 36.hxg4 Rc8
37.Ne3 Nd6 38.Nd5 Rc6 39.Rh1 b5 40.axb5 Nxb5 41.Rh8 Nc7 42.Rd8 Nxd5 43.exd5+ Ke7
44.Rg8 Rb6 45.Ke3 a5 46.bxa5 Ra6 47.Rxg7+ Kd6 48.Ke4 Rxa5 49.Rf7 Ra3 50.Rxf6+ Kc5
51.Rc6+ Kb5 52.g5 Rxc3 53.g6 Rc1 54.g7 Rg1 55.Rc7  1-0

[Event "9th Asian Continental"]
[Site "Olongapo City PHI"]
[Date "2010.04.27"]
[Round "7"]
[White "Lumancas,Lyndon"]
[Black "Turqueza,M"]
[Result "1-0"]
[WhiteElo "2289"]
[BlackElo "2087"]

1.e4 c5 2.Nf3 d6 3.Bb5+ Bd7 4.Bxd7+ Qxd7 5.c4 g6 6.O-O Bg7 7.d4 cxd4 8.Nxd4 Nf6
9.Nc3 O-O 10.f3 Rc8 11.b3 Nc6 12.Nde2 a6 13.a4 Qd8 14.Bg5 Na5 15.Kh1 h6 16.Bh4 Rab8
17.Rb1 b6 18.Qd2 Kh7 19.Rfd1 Qe8 20.Bxf6 Bxf6 21.Nd5 Bg7 22.Nxb6 Rxb6 23.Qxa5 Rcb8
24.b4 Qc8 25.Rdc1 Rc6 26.Qd5 e6 27.Qd3 Qc7 28.b5 Rc5 29.g3 g5 30.Qb3 Be5
31.Kg2 h5 32.Qd3 h4 33.Rc2 Qb6 34.Rd1 Rd8 35.Nc1 hxg3 36.hxg3 Bxg3 37.Rh1+ Kg7
38.Qe3 Be5 39.Nd3 Kg8  1-0

[Event "Heroes Day Cup Masters"]
[Site "Bridgetown BAR"]
[Date "2010.04.28"]
[Round "2"]
[White "Hammar,B"]
[Black "Denny,K"]
[Result "1/2-1/2"]
[WhiteElo "2264"]
[BlackElo "2351"]

1.e4 c5 2.Nf3 d6 3.Bb5+ Bd7 4.Bxd7+ Qxd7 5.O-O Nc6 6.d4 cxd4 7.Nxd4 Nf6 8.Re1 g6
9.c4 Bg7 10.Nc3 O-O 11.Nc2 Rac8 12.Rb1 a6 13.Bg5 Qd8 14.Qd2 Qa5  1/2-1/2

[Event "9th Asian Continental w"]
[Site "Olongapo City PHI"]
[Date "2010.04.28"]
[Round "8"]
[White "Xu Huahua"]
[Black "Wang Jue"]
[Result "1-0"]
[WhiteElo "2082"]
[BlackElo "2180"]

1.e4 c5 2.Nf3 d6 3.Bb5+ Nd7 4.O-O Nf6 5.Nc3 e6 6.d4 cxd4 7.Qxd4 Qc7 8.Bg5 Be7
9.Rad1 a6 10.Bxd7+ Bxd7 11.e5 dxe5 12.Nxe5 Rd8 13.Nxd7 Rxd7 14.Qa4 Qc6 15.Qxc6 bxc6
16.Na4 c5 17.c4 Rc7 18.Bf4 Rc6 19.b3 Nd7 20.Rd2 f5 21.Rfd1 Nf6 22.f3 Kf7
23.Nb2 Nh5 24.Be5 Bf6 25.Rd7+ Kg6 26.Nd3 f4 27.g4 fxg3 28.hxg3 Rcc8 29.g4 Bxe5
30.Nxe5+ Kf6 31.Nd3 Rhd8 32.Rxd8 Rxd8 33.gxh5 Kg5 34.Kf2 Rc8 35.Rg1+ Kf6
36.f4 Rc7 37.Rg5 Rd7 38.Ke3 h6 39.Rxc5 Rd6 40.Rc7 g5 41.hxg6 Kxg6 42.c5 Rd8
43.Ne5+ Kh5 44.c6 a5 45.Rd7 Rc8 46.c7 a4 47.Nf7 a3 48.Nd6 e5 49.fxe5  1-0

[Event "9th Asian Continental"]
[Site "Olongapo City PHI"]
[Date "2010.04.28"]
[Round "8"]
[White "Barbosa,O PHI"]
[Black "Ginting,Nas"]
[Result "1-0"]
[WhiteElo "2452"]
[BlackElo "2397"]

1.e4 c5 2.Nf3 d6 3.Bb5+ Bd7 4.Bxd7+ Qxd7 5.c4 Nc6 6.Nc3 g6 7.d4 cxd4 8.Nxd4 Bg7
9.Be3 Nf6 10.h3 O-O 11.O-O Rac8 12.a3 Rfe8 13.Rc1 a6 14.a4 Qd8 15.Qd2 Qa5
16.Rfd1 Nd7 17.Nde2 Qd8 18.Rb1 a5 19.f4 Ncb8 20.Nb5 Nf6 21.Nec3 Nbd7 22.Qf2 Nc5
23.Bxc5 Rxc5 24.e5 Nd7 25.Ne4 Rc6 26.exd6 Nf6 27.Nxf6+ Bxf6 28.d7 Rf8 29.Qa7 b6
30.Qb7 Rc5 31.Rd5 e6  1-0

[Event "9th Asian Continental"]
[Site "Olongapo City PHI"]
[Date "2010.04.28"]
[Round "8"]
[White "Yu Ruiyuan"]
[Black "So,W"]
[Result "0-1"]
[WhiteElo "2309"]
[BlackElo "2665"]

1.e4 c5 2.Nf3 d6 3.Bb5+ Nd7 4.d4 cxd4 5.Qxd4 a6 6.Bxd7+ Bxd7 7.O-O Rc8 8.Nc3 e5
9.Qd3 h6 10.Nd2 Qc7 11.Rd1 Nf6 12.Nf1 Be7 13.Ne3 Be6 14.Bd2 O-O 15.Rac1 b5
16.Ncd5 Nxd5 17.Nxd5 Bxd5 18.Qxd5 Qc4 19.Be3 Qxd5 20.Rxd5 Rc6 21.c3 h5 22.Kf1 g6
23.Ke2 f5 24.f3 Kf7 25.Kd3 Ke6 26.Ra1 Rb8 27.b4 Rbc8 28.Bd2 Rc4 29.a4 Rxe4
30.Rxd6+ Bxd6 31.fxe4 Rc4 32.axb5 axb5 33.exf5+ gxf5 34.Ra6 Rc8 35.Be3 Kd5
36.g3 e4+ 37.Kd2 Be5 38.Bc5 Kc4 39.Rh6 Rd8+ 40.Ke2 Bxc3 41.Rxh5 Rd2+ 42.Ke3 Rd5
43.Ke2 Rd2+ 44.Ke3 Rd3+ 45.Ke2 Rf3 46.Rg5 Bxb4 47.Bxb4 Kxb4 48.g4 Kc5 49.gxf5 b4
50.f6+ Kc4 51.Re5 Rxf6 52.Rxe4+ Kc3 53.Re8 Rh6 54.Rc8+ Kb2 55.Kd3 Rh3+ 56.Kd4 Rxh2
57.Rb8 b3 58.Kc4 Kc2  0-1

[Event "9th Asian Continental"]
[Site "Olongapo City PHI"]
[Date "2010.04.29"]
[Round "9"]
[White "Antonio,R"]
[Black "Xiu Deshun"]
[Result "1/2-1/2"]
[WhiteElo "2572"]
[BlackElo "2493"]

1.e4 c5 2.Nf3 d6 3.Bb5+ Bd7 4.Bxd7+ Qxd7 5.c4 Nf6 6.Nc3 g6 7.d4 cxd4 8.Nxd4 Bg7
9.f3 O-O 10.Be3 Nc6 11.O-O Nxd4 12.Bxd4 a6 13.a4 Rac8 14.b3 Qc7 15.Nd5 Nxd5
16.exd5 Bxd4+ 17.Qxd4 Qc5 18.Rfd1 Rfe8 19.Kf2 Qb4 20.Rd3 e5 21.dxe6 Rxe6
22.Rad1 Rce8 23.R1d2 R8e7 24.h3 Re8 25.Kg3 R8e7 26.Kh2 Re8 27.Qc3 Qxc3 28.Rxc3 Re3
29.Rdd3 Rxd3 30.Rxd3 Re6  1/2-1/2

[Event "42nd TCh-ITA Masters"]
[Site "Arvier ITA"]
[Date "2010.04.30"]
[Round "3"]
[White "Bellini,F"]
[Black "Brunello,S"]
[Result "1-0"]
[WhiteElo "2493"]
[BlackElo "2476"]

1.e4 c5 2.Nf3 d6 3.Bb5+ Nd7 4.O-O a6 5.Bxd7+ Bxd7 6.d4 cxd4 7.Qxd4 Rc8 8.Bg5 h6
9.Bh4 Nf6 10.Bxf6 gxf6 11.Nc3 e6 12.Rad1 b5 13.Rfe1 Rg8 14.Re3 Rc4 15.Qd3 Qb6
16.b3 Rc8 17.Nd5 exd5 18.exd5+ Kd8 19.Qh7 Rg7 20.Qh8 Kc7 21.Rc3+ Qc5 22.Rxc5+ dxc5
23.Nh4 Re8 24.c4 bxc4 25.d6+ Kc6 26.bxc4 Bg4 27.f3 Bd7 28.Kf1 Be6 29.d7 Rd8
30.Kf2 Bxd7 31.Nf5 Rg6 32.Qh7 Bxf5 33.Rxd8 Rxg2+ 34.Kxg2 Bxh7 35.Rxf8 Bd3
36.Rxf7 Bxc4 37.Rxf6+ Kb5 38.Rxh6 Bxa2 39.Kf2 a5 40.Ke3 a4 41.Kd3 a3 42.Kc3 Bd5
43.f4 a2 44.Kb2 Bb3 45.f5 c4 46.Rh3 Kb4 47.Rxb3+  1-0

[Event "TOP 16 GpB"]
[Site "Mulhouse FRA"]
[Date "2010.04.30"]
[Round "5"]
[White "Skripchenko,A"]
[Black "Cossin,S"]
[Result "0-1"]
[WhiteElo "2456"]
[BlackElo "2497"]

1.e4 c5 2.Nf3 d6 3.Bb5+ Nd7 4.d4 Nf6 5.O-O a6 6.Bxd7+ Nxd7 7.Nc3 e6 8.d5 e5
9.a4 Be7 10.a5 b5 11.axb6 Nxb6 12.Nd2 O-O 13.Na4 Nxa4 14.Rxa4 a5 15.Re1 Bd7
16.Ra3 a4 17.Nc4 Qb8 18.Bd2 Qb5 19.Rc3 a3 20.Nxa3 Qxb2 21.Nc4 Qb5 22.Na3 Qa4
23.Nc4 Qb5 24.Na3 Qa4 25.Nc4 Rfb8 26.Qh5 Qa2 27.Ne3 Rb1 28.Nd1 g6 29.Qf3 Rab8
30.h3 Ba4 31.Kh2 Bxc2 32.Ra3 Qc4 33.Ra7 R1b7 34.Qa3 Rb3 35.Qa2 Bxd1 36.Rxd1 Bh4
37.Rb1 Bxf2 38.Bh6 Bg3+  0-1